| 000 | 01025cam a22003135a 4500 | ||
|---|---|---|---|
| 001 | 3510478 | ||
| 005 | 20180109125258.0 | ||
| 008 | 940823t1994 nyua frb 001 0 eng d | ||
| 020 | _a9780393312201 | ||
| 020 | _a0393312208 | ||
| 040 |
_aAAB _cAAB _dNSyU _dTxGeoS _dDLC _dEG-ScBUE _beng |
||
| 082 | 0 | 4 |
_a363.9 _222 _bBRO |
| 100 | 1 |
_aBrown, Lester R. _q(Lester Russell), _d1934- |
|
| 245 | 1 | 0 |
_aFull house : _breassessing the earth's population carrying capacity / _cLester R. Brown, Hal Kane. |
| 250 | _a1st ed. | ||
| 260 |
_aNew York : _bW.W. Norton & Co., _cc.1994. |
||
| 300 |
_a261 p. : _bill. ; _c21 cm. |
||
| 504 | _aIncludes bibliographical references and index. | ||
| 650 | 7 |
_aOverpopulation. _2BUEsh |
|
| 650 | 7 |
_aPollution _xEconomic aspects. _2BUEsh |
|
| 650 | 7 |
_aFood Supply. _2BUEsh _910434 |
|
| 650 | 7 |
_aPoverty. _2BUEsh _923744 |
|
| 650 | 7 |
_aHuman ecology. _2BUEsh _924284 |
|
| 650 | 7 |
_aBirth control. _2BUEsh _95238 |
|
| 651 | _2BUEsh | ||
| 653 |
_bGGEN _cJanuary2018 |
||
| 700 | 1 | _aKane, Hal. | |
| 942 | _2ddc | ||
| 999 |
_c25912 _d25884 |
||